000 00648nam a2200193Ia 4500
005 20250508164908.0
008 008 250505s9999 xx 000 0 eng d
037 _aDissertations
040 _aFEDL
_beng
_cFEDL
041 _aeng
_2eng
084 _a507, GAU/DI
_qFEDL
100 _aGautam Anil Kumar
_9565553
245 0 _aStudy of effectiveness of using of compact-disk as the part of multi-media instructional material in the learning of science at secondary school level
260 _c2001
300 _a36p.
546 _aM. Ed. Dissertation (Delhi University)
942 _cDIS
_h507, GAU/DI
999 _c1391861
_d1391861